|
|
|
|
| LEADER |
01631nam a2200361 a 4500 |
| 001 |
32572 |
| 003 |
BD-DhAAL |
| 005 |
20180110133258.0 |
| 008 |
180110t1980 enkab b 100 0 eng c |
| 999 |
|
|
|c 38962
|d 38962
|
| 010 |
|
|
|a 86673992
|
| 020 |
|
|
|a 0391011294 (Humanities)
|
| 022 |
|
|
|a 0700701338
|
| 040 |
|
|
|a MH
|c MH
|d DLC
|d BD-DhAAL
|
| 043 |
|
|
|a a------
|
| 050 |
1 |
4 |
|a HT147.S64
|b C57x 1980
|
| 082 |
|
|
|a 307.760954
|2 22
|
| 245 |
0 |
4 |
|a The City in South Asia :
|b pre-modern and modern /
|c edited by Kenneth Ballhatchet and John Harrison.
|
| 260 |
|
|
|a London :
|b Curzon Press ;
|a Atlantic Highlands, NJ, USA :
|b Humanities Press,
|c 1980.
|
| 300 |
|
|
|a xiii, 342 pages :
|b illustrations, maps ;
|c 23 cm.
|
| 440 |
|
0 |
|a Collected papers on South Asia,
|x 0141-0156 ;
|v no. 3
|9 24693
|
| 500 |
|
|
|a "Selection of papers presented to an inter-disciplinary seminar which has been meeting at SOAS, under the auspices of the Centre of South Asian Studies, since 1975"--P. ix.
|
| 504 |
|
|
|a Includes bibliographical references.
|
| 526 |
|
|
|a AAL
|
| 541 |
|
|
|a Development Book Agency
|e 32572
|
| 650 |
|
0 |
|a Cities and towns
|z South Asia
|9 24694
|
| 650 |
|
0 |
|a Cities and towns
|z South Asia
|x Congresses.
|9 24695
|
| 700 |
1 |
|
|a Ballhatchet, Kenneth.
|9 24696
|
| 700 |
1 |
|
|a Harrison, John,
|d 1919-
|9 24697
|
| 710 |
2 |
|
|a University of London.
|b Centre of South Asian Studies.
|9 24698
|
| 852 |
|
|
|a Ayesha Abed Library
|c General Stacks
|
| 942 |
|
|
|2 ddc
|c BK
|
| 952 |
|
|
|0 0
|1 0
|2 ddc
|4 0
|6 307_760954000000000_CIT
|7 0
|9 62567
|a BRACUL
|b BRACUL
|c GEN
|d 2018-01-10
|e Development Book Agency
|g 11500.00
|l 0
|o 307.760954 CIT
|p 3010032572
|r 2018-01-10
|t 1
|v 11500.00
|w 2018-01-10
|y BK
|